000 00441nam a2200181Ia 4500
001 22595
005 20260414150841.0
008 260414t2015||||xx |||||||||||||| ||spa||
041 _aESP
082 _a621.3821
_bT869
100 _aToy, Mehmet
_eAUT
245 0 _aCable networks, services, and management
_b
260 _c2015
300 _aviii, 358 páginas :
_c24 cm.
650 _aTCA
654 _aCET
942 _cLIB
_dJUS
_fJUS
_2ddc
_n
999 _c22595
_d22595